| 000 | 00733nam a2200229Ia 4500 | ||
|---|---|---|---|
| 005 | 20260429112253.0 | ||
| 008 | 260429s9999||||xx |||||||||||||| ||und|| | ||
| 020 | _a9781032525747 | ||
| 041 | _aEnglish | ||
| 082 |
_a658.049 _bKOS |
||
| 100 | _aKossowska, Magdalena | ||
| 245 | 0 |
_aGlobal mindset and international business : _bdriving process outsourcing organizations / _cMagdalena Kossowska |
|
| 250 | _a1st ed. | ||
| 260 |
_aNew York : _bRoutledge, _c2024. |
||
| 300 | _axii, 219 p.; pbk | ||
| 440 | _aRoutledge studies in international business and the world economy | ||
| 650 | _a Management | ||
| 650 | _a Organizational behaviour | ||
| 650 | _aInternaltional business | ||
| 700 | _a Rosinski, Jerzy | ||
| 942 | _cTB | ||
| 999 |
_c53230 _d53230 |
||